000 00819nmm a2200253 a 4500
001 ocm000702100
003 TR-IsHL
005 20201028132444.0
008 131030s2007 tu tur
007 cr cn
035 _a702100
_b(N$T)
050 0 4 _aPL230
_b.A35 2007
090 0 4 _aPL230
_b.A35 2007
245 1 0 _aAğlayan elma ile gülen elma
_h[electronic resource] /
_ceditör Derya Günay
260 _aİstanbul :
_bBirleşik Yayın Grubu,
_c2007
300 _a63 p.
650 4 _aDil ve Edebiyat
650 4 _aLanguage and Literature
650 0 _aÇocuk Edebiyatı
650 0 _aChildren literature
650 7 _aLITERARY CRITICISM / Children's Literature
_2bisacsh
700 1 _aGünay, Derya
856 4 0 _uhttp://search.ebscohost.com/login.aspx?direct=true&scope=site&db=e011xww&AN=702100
999 _c5102
_d5102